000 01159cam a2200229 4500
001 WB@3612-585
008 040903n2004 000 0 eng u
035 _a(Sirsi) u127264
245 _aPark life
260 _c2004
490 _aCABE Press Release
_v1 September 2004 (3)
520 _aNew research published by CABE has found that council parks departments are facing a staffing crisis, as many skilled parks workers approach retirement, with few younger people being trained to replace them. "Parks need people need parks" shows that this skills shortage is affecting staff from senior management to operational levels. The workforce is an ageing one, with 68% over 40 and 92% over 30 years old and around 60% of staff have been in the same post for more than a decade. A summary of the report can be viewed at: http://www.cabe.org.uk/data/pdfs/Parks_need_people .pdf. http://www.cabe.org.uk/news/press/showPRelease.asp ?id=660
590 _aWB
590 _aWB
650 _aPUBLIC PARKS
650 _aGREEN SPACES
650 _aPARKLAND
650 _aSTAFFING
650 _aRESOURCES
690 _aLEISURE AND RECREATION
942 _n0
999 _c117955
_d117955